Policy Reform As Collective Action /

A government desiring support for its policy reform program, without coercion, behaves as if it faces a political constraint. Citizen support depends on the estimate, by at least some minimum proportion of the population, that the program will succeed and the outcome will be in their individual self...

Popoln opis

Bibliografske podrobnosti
Glavni avtor: Johnson, Omotunde
Format: Revija
Jezik:English
Izdano: Washington, D.C. : International Monetary Fund, 1997.
Serija:IMF Working Papers; Working Paper ; No. 1997/163
Teme:
Online dostop:Full text available on IMF
LEADER 01869cas a2200301 a 4500
001 AALejournalIMF000511
008 230101c9999 xx r poo 0 0eng d
020 |c 5.00 USD 
020 |z 9781451980608 
022 |a 1018-5941 
040 |a BD-DhAAL  |c BD-DhAAL 
100 1 |a Johnson, Omotunde. 
245 1 0 |a Policy Reform As Collective Action /  |c Omotunde Johnson. 
264 1 |a Washington, D.C. :  |b International Monetary Fund,  |c 1997. 
300 |a 1 online resource (28 pages) 
490 1 |a IMF Working Papers 
500 |a <strong>Off-Campus Access:</strong> No User ID or Password Required 
500 |a <strong>On-Campus Access:</strong> No User ID or Password Required 
506 |a Electronic access restricted to authorized BRAC University faculty, staff and students 
520 3 |a A government desiring support for its policy reform program, without coercion, behaves as if it faces a political constraint. Citizen support depends on the estimate, by at least some minimum proportion of the population, that the program will succeed and the outcome will be in their individual self-interest. Government behavior has implications for the program, whose contents constitute the set of signals used by citizens to estimate the probability that the program will succeed. The government uses various devices to mobilize support for its program. An informed expert could design a program acceptable to both the government and the citizens. 
538 |a Mode of access: Internet 
650 7 |a Government Welfare Function  |2 imf 
650 7 |a Models Of Political Processes  |2 imf 
650 7 |a Reform Program  |2 imf 
650 7 |a State-Society Type  |2 imf 
650 7 |a WP  |2 imf 
830 0 |a IMF Working Papers; Working Paper ;  |v No. 1997/163 
856 4 0 |z Full text available on IMF  |u http://elibrary.imf.org/view/journals/001/1997/163/001.1997.issue-163-en.xml  |z IMF e-Library